000 00431nam a22001457a 4500
005 20240309121432.0
008 240309b ||||| |||| 00| 0 eng d
040 _cAL
041 _aeng
082 _223
_a658.152
_bWORK
100 _aGautam Arun Banker
_9153617
245 _aWorking Capital Management with Special Rference to Vishal Timber Private Limited
260 _aMangalore
_bSt Aloysius College
_c1995
942 _2ddc
_cPRO
999 _c230187
_d230187